Todos estádios da Série A do Brasileirão - Statistics

Estatísticas Gerais
  • Esse quiz foi jogado 105 vezes
  • A pontuação média é 15 de 20
Estatísticas das Respostas
Nome do estádio % Correto
Beira-Rio
93%
Maracanã
92%
Maracanã
92%
Allianz Parque
88%
Arena MRV
87%
Mineirão
87%
Morumbis
87%
Arena do Grêmio
85%
Arena da Baixada
83%
Barradão
80%
São Januário
77%
Vila Belmiro
77%
Nilton Santos
76%
Arena Condá
75%
Couto Pereira
75%
Neo Química Arena
75%
Arena Fonte Nova
73%
Mangueirão
59%
Maião
45%
Nabi Abi Chedid
40%
Nenhum quiz correspondente encontrado
Distribuição das Pontuações
Porcentagem de Pessoas com Cada Pontuação
Percentil de Números Respondidos
Sua Pontuação Histórica
Você não jogou esse quiz